Statistics for Country Picture Puzzle Game #1

Click here to take the quiz!

General Stats

  • This quiz has been taken 35,017 times
    (34,935 since last reset)
  • The average score is 10 of 17

Answer Stats

Hint Answer % Correct
Biggest desert in AfricaSahara
89%
"The Land of the Rising Sun"Japan
85%
"The Land Down Under"Australia
85%
Biggest Mediterranean island countryCyprus
81%
Hometown of the BeatlesLiverpool
80%
HIDDEN COUNTRYItaly
80%
Country that borders only GermanyDenmark
77%
Capital of SerbiaBelgrade
56%
Capital city of TuscanyFlorence
52%
Former capital of West GermanyBonn
50%
Biggest peninsula in Western MexicoBaja California
49%
Mountain where Noah's ark landedMt. Ararat
44%
Place in India to find the Taj MahalAgra
42%
Cape at the southern tip of South AmericaCape Horn
37%
Former name of TokyoEdo
35%
First person to visit the South PoleRoald Amundsen
32%
Sea bordered only by TurkeySea of Marmara
18%

Score Distribution

Percentile by Number Answered

Percent of People with Each Score

Your Score History

You have not taken this quiz since the last reset